Tribal: Education, administration and development (Record no. 1400222)

MARC details
000 -LEADER
fixed length control field 00653nam a2200229Ia 4500
005 - DATE AND TIME OF LATEST TRANSACTION
control field 20260415173419.0
008 - FIXED-LENGTH DATA ELEMENTS--GENERAL INFORMATION
fixed length control field 008 250505s9999 xx 000 0 eng d
020 ## - INTERNATIONAL STANDARD BOOK NUMBER
International Standard Book Number 81-7141-672-1
037 ## - SOURCE OF ACQUISITION
Stock number TextBook
040 ## - CATALOGING SOURCE
Original cataloging agency FEDL
Language of cataloging eng
Transcribing agency FEDL
041 ## - LANGUAGE CODE
Language code of text/sound track or separate title eng
Source of code eng
084 ## - COLON CLASSIFICATION NUMBER
Classification number 371.97 MIT/R
Assigning agency FEDL
100 ## - MAIN ENTRY--PERSONAL NAME
Personal name Mittal A C Ed.
245 #0 - TITLE STATEMENT
Title Tribal: Education, administration and development
260 ## - PUBLICATION, DISTRIBUTION, ETC.
Place of publication, distribution, etc. New Delhi, India
Name of publisher, distributor, etc. Radha Publication
Date of publication, distribution, etc. 1998
365 ## - TRADE PRICE
Price type code INR
Price amount 2750
490 ## - SERIES STATEMENT
Volume/sequential designation V. 1.
546 ## - LANGUAGE NOTE
Language note VOLUME SET
700 ## - ADDED ENTRY--PERSONAL NAME
Personal name Sharma J B Ed.
9 (RLIN) 783764
942 ## - ADDED ENTRY ELEMENTS (KOHA)
Koha item type Textbook
Classification part 371.97 MIT/R
Holdings
Withdrawn status Lost status Damaged status Not for loan Home library Current library Date acquired Cost, normal purchase price Total Checkouts Full call number Barcode Date last seen Price effective from Koha item type
        Department of Education Library Department of Education Library 2025-05-08 2750.00   371.97 MIT/R EL0094223 2025-05-08 2025-05-08 Textbook
Copyright @ Delhi University Library System